Les opening de One Piece - Statistiques

Statistiques générales
  • Ce quiz a été pris 1 603 fois
    494 depuis la dernière actualisation
  • Le résultat moyen est 13 sur 26
Statistiques - réponses
Opening % Correct
We are
99%
We are (remix)
99%
We are (straw hat version)
99%
BON VOYAGE
75%
We go
74%
Hope
63%
Believe
54%
Hands up
54%
Super Powers
54%
Fight Together
52%
Brand New World
51%
Jungle P
51%
We can
50%
Over the Top
48%
Crazy Rainbow
46%
Hard Knock Days
44%
Share The World
44%
One Day
41%
Kokoro no chizu
39%
Wake up
37%
Dreamin'on
36%
Hikari e
34%
The Peak
33%
Paint
32%
Kaze wo Sagashite
21%
Assu
16%
Aucun quiz correspondant
Distribution des résultats
% des personnes avec chaque résultat
Percentile par nombre de réponses
Votre historique - résultats
Vous n’avez pas pris ce quiz depuis la dernière actualisation